Statystyki dla zaimki wskazujące (łacina)

Kliknij tutaj aby rozwiązać quiz!

Ogólne statystyki

  • Ten quiz został rozwiązany 4 razy
  • Średni wynik to 11 z 25

Statystyki odpowiedzi

przypadekxyz% Poprawnych
N isis
100%
N hichic
67%
ABLhoc
67%
N illeille
67%
N isteiste
67%
N quiqui
67%
ABLquo
67%
Dcui
33%
Gcuius
33%
Dei
33%
Geius
33%
ABLeo
33%
ACCeum
33%
Dhuic
33%
Ghuius
33%
ACChunc
33%
Dilli
33%
Gillius
33%
ABLillo
33%
ACCillum
33%
Disti
33%
Gistius
33%
ABListo
33%
ACCistum
33%
ACCquem
33%

Rozkład punktacji

Percentyl według liczby udzielonych odpowiedzi

Procent ludzi z każdym wynikiem

Twoja historia wyników

Nie rozwiązałeś tego quizu